| 000 | 00946nam a2200229Ia 4500 | ||
|---|---|---|---|
| 005 | 20240530110946.0 | ||
| 008 | 140319s2021 ua a g 000 0 ara d | ||
| 017 |
_bمصر. دار الكتب _a2019/27761 |
||
| 020 | _a9789776752450 | ||
| 040 |
_aGCL / _cGCL |
||
| 082 | 0 | 4 |
_221 _a338.927 _bك ب |
| 100 | 1 | _aكرانز، ماسيج | |
| 245 | 1 | 0 |
_aبناء انترنت الاشياء : _bتطبيق نماذج اعمال جديدة لتطوير صناعتك وحسم المنافسة / _cماسيج كرانز ؛ ترجمة طلعت اسعد عبدالحميد |
| 250 | _aط. 1 | ||
| 260 |
_aالقاهرة : _bروابط للنشر وتقنية المعلومات، _c2021. |
||
| 300 |
_a315 ص. : _bايض ؛ _c24 سم. |
||
| 650 | 0 | 7 | _aانترنت الاشياء |
| 650 | 0 | 7 | _aالانترنت |
| 700 | 0 |
_aطلعت اسعد عبدالحميد _eمترجم |
|
| 942 |
_2ddc _cBK |
||
| 999 |
_c66909 _d66909 |
||